000 00475nam a2200169Ia 4500
005 20250728154345.0
008 250728s9999 xx 000 0 und d
020 _a0714843083
082 _a951.0560222
_bLIZ
100 _aZhensheng, Li
245 0 _aRed-Color News Soldier
260 _bPhaidon
_c2003
300 _a320 pages
500 _aThe only known existing photographic documentation of the Chinese Cultural Revolution.
650 _aHistory
942 _cENGLISH
999 _c577830
_d577830